Italy's Borders Quiz Stats

 Plays Quiz Updated Feb 21, 2019

     
Support Sporcle.
Go Orange.
Score 0/6 Timer 00:30
7 Plays Today
Country % Correct
France
91.2%
Switzerland
86.1%
Austria
78.2%
Vatican City
73.7%
San Marino
66.6%
Slovenia
57.7%

From the Vault

Sesame Street Theme Song

by oldkent

You may have heard this song once or twice.
Remove Ads.
Support Sporcle.
Get the best of Sporcle when you Go Orange. This ad-free experience offers more features, more stats, and more fun while also helping to support Sporcle. Thank you for becoming a member.

Show Comments

Extras

Top Quizzes Today


Score Distribution

Your Account Isn't Verified!

In order to create a playlist on Sporcle, you need to verify the email address you used during registration. Go to your Sporcle Settings to finish the process.

Report this User

Report this user for behavior that violates our Community Guidelines.

Details: